Classification of Artworks' Parameters Using Artificial Intelligence Methods
Salvato in:
| Autore principale: | |
|---|---|
| Altri autori: | |
| Natura: | Manoscritto Libro |
| Lingua: | slovacco inglese |
| Pubblicazione: |
2025
|
| Soggetti: | |
| Accesso online: | http://is.stuba.sk/zp/portal_zp.pl?podrobnosti=169012 |
| Tags: |
Nessun Tag, puoi essere il primo ad aggiungerne!!
|
MARC
| LEADER | 00000ntm a22000003a 4500 | ||
|---|---|---|---|
| 001 | stuzp102927 | ||
| 003 | SK-STU | ||
| 005 | 20250614211830.3 | ||
| 007 | ta | ||
| 008 | 150427s2015----xo-----f-mn---000-0-slo-d | ||
| 040 | |a STU |b slo | ||
| 041 | 0 | |a eng | |
| 100 | 1 | |a Orlej, Martin |u 070400 |4 aut |U FIIT Fakulta informatiky a informačných technológií |T FIIT Ústav počítačového inžinierstva a aplikovanej informatiky |X 116262 |U I400 |Y 672 |7 116262 | |
| 242 | 0 | 1 | |a Klasifikácia parametrov umeleckých diel metódami umelej inteligencie |y slo |
| 245 | 1 | 0 | |a Classification of Artworks' Parameters Using Artificial Intelligence Methods |
| 260 | |c 2025 | ||
| 650 | 4 | |a detection |2 eng | |
| 650 | 4 | |a classification |2 eng | |
| 650 | 4 | |a computer vision |2 eng | |
| 650 | 4 | |a cnn |2 eng | |
| 650 | 4 | |a tensorflow |2 eng | |
| 650 | 4 | |a nails |2 eng | |
| 650 | 4 | |a infrared thermography |2 eng | |
| 650 | 4 | |a artworks |2 eng | |
| 650 | 4 | |a klasifikácia |2 slo | |
| 650 | 4 | |a detekcia |2 slo | |
| 650 | 4 | |a klince |2 slo | |
| 650 | 4 | |a umelecké diela |2 slo | |
| 650 | 4 | |a tensorflow |2 slo | |
| 650 | 4 | |a počítačové videnie |2 slo | |
| 650 | 4 | |a cnn |2 slo | |
| 650 | 4 | |a infračervená termografia |2 slo | |
| 700 | 1 | |a Malík, Peter |4 ths |X 18626 |7 18626 | |
| 856 | 4 | |u http://is.stuba.sk/zp/portal_zp.pl?podrobnosti=169012 | |